1621 1426 1902 1562 1853 1941 1882 1642 1078 1913 1271 1094 1748 1009 1413 1442 1099 1131 1573 1377 1848 1354 1466 1851 1809 1697 1460 1094 1821 1929 1097 1268 1238 1198 1093 1237 1893 1670 1587 1903 1283 1477 1389 1952 1676 1443 1250 1972 1110 1299 1745 1144 1128 1996 1334 1111 1497 1361 1159 1096 1193 1609 1250 1932 1750 1566 1768 1131 1525 1611 1024 1477 1310 1408 1151 1305 1043 1788 1494 1655 1950 1738 1931 1614 1997 1314 1947 1543 1630 1728 1454 1125 1948 1791 1633 1685 1666 1300 1293 BCNSPRNW ULIB Ver.6.0+V

เปลี่ยนเป็นภาษาไทย

Change to English
 แสดงรายละเอียดบรรณานุกรม
  กลับหน้าหลัก

Brief Record : Get Marc (ISO 2709) : E-mail record : QR code < ปิดหน้าต่าง
LEADER : 00000nam a2200000Ia 4500
001    13399126045
003     ULIB
008    161020s2559 th 000 0 tha d
020    ^a9786165470803
040    ^absc
050  4 ^aPE1128^bส779c
100 0  ^aสุทิน พูลสวัสดิ์
245 10 ^aCU-TEP listening :^bภาษาอังกฤษเข้าจุฬาลงกรณ์มหาวิทยาลัย /^cSutinPoolsawad
246 30 ^aภาษาอังกฤษเข้าจุฬาลงกรณ์มหาวิทยาลัย
250    ^aพิมพ์ครั้งที่ 4
260    ^aกรุงเทพฯ :^bศูนย์หนังสือ ที.จี.อาร์.อี,^c2559
300    ^a246 หน้า ;^c26 ซม. +^eซีดี-รอม 1 แผ่น
610 24 ^aจุฬาลงกรณ์มหาวิทยาลัย^xการสอบคัดเลือก^xข้อสอบและเฉลย
650  0 ^aEnglish language^xUsage
650  0 ^aEnglish language^xExaminations
650  0 ^aEnglish language^vTextbooks for foreign speakers
650  4 ^aภาษาอังกฤษ^xการใช้ภาษา
650  4 ^aภาษาอังกฤษ^xการสอบ
650  4 ^aภาษาอังกฤษ^vตำราสำหรับชนต่างชาติ
700 0  ^aSutin Poolsawad
910    ^aSend to UC
945    ^p415^l0^i25841
995    ^aกัณชพร
999    ^aกัณชพร
รายการนี้ยังไม่มีแท็ก
คุณยังไม่ได้ล็อกอิน คุณสามารถมีกิจกรรมร่วมกับเว็บไซต์ได้ แต่ต้องล็อกอินก่อน ::
  ล็อกอิน

รายการสื่อสารสนเทศ

ลำดับที่ ประเภท เลขเรียก/บาร์โค้ด สถานที่ สถานะ
1. วิทยาศาสตร์การแพทย์ และสุขภาพ
วิทยาศาสตร์การแพทย์ และสุขภาพ
PE1128 ส779c ฉ.1 
  Barcode: 25841
ห้องสมุดวิทยาเขตสวรรค์ประชารักษ์
►หนังสือทั่วไป
บนชั้น

รายการใกล้เคียง
    ผู้แต่ง [สุทิน พูลสวัสดิ์]

    หัวเรื่อง [ภาษาอังกฤษ การใช้ภาษา]

BibComment


ยังไม่เคยถูกคอมเมนท์

คอมเมนท์ทรัพยากรรายการนี้
  คอมเมนท์: CUTEP listening ..


 Copyright 2026. Bcnsprnw @Library